American Football Acronyms - Statistics

General Stats
  • This quiz has been taken 175 times
  • The average score is 15 of 25
Answer Stats
Hint Answer % Correct
TD touchdown
100%
QB quarterback
98%
Int interception
97%
DB defensive back
96%
WR wide receiver
83%
FG field goal
82%
FS free safety
76%
YPG yards per game
75%
SS strong safety
74%
KR kick return
73%
HB half back
66%
YAC yards after catch
66%
PAT point after touchdown
65%
ILB inside line backer
60%
Att attempt
59%
OG offensive guard
58%
Tar target
54%
PR punt return
52%
TO timeout
50%
YPA yards per attempt
49%
FF forced fumble
36%
FD first down
29%
FR fumble recovery
20%
ST special teams
20%
PD pass defensed
8%
No matching quizzes found
Score Distribution
Percent of People with Each Score
Percentile by Number Answered
Your Score History
You have not taken this quiz